<?xml version="1.0" encoding="UTF-8"?>
<record
    xmlns:xsi="http://www.w3.org/2001/XMLSchema-instance"
    xsi:schemaLocation="http://www.loc.gov/MARC21/slim http://www.loc.gov/standards/marcxml/schema/MARC21slim.xsd"
    xmlns="http://www.loc.gov/MARC21/slim">

  <leader>00286nam a2200097Ia 4500</leader>
  <controlfield tag="008">230915s9999    xx            000 0 und d</controlfield>
  <datafield tag="050" ind1=" " ind2=" ">
    <subfield code="a">HF5635.S78 2009 V.1</subfield>
  </datafield>
  <datafield tag="100" ind1=" " ind2=" ">
    <subfield code="a">PATRICIA LIBBY </subfield>
  </datafield>
  <datafield tag="245" ind1=" " ind2="0">
    <subfield code="a">STUDY GUIDE VOLUME 1, CHAPTERS 1-12 FOR USE WITH PRINCIPLES OF ACCOUNTING </subfield>
  </datafield>
  <datafield tag="942" ind1=" " ind2=" ">
    <subfield code="c">BK</subfield>
  </datafield>
  <datafield tag="999" ind1=" " ind2=" ">
    <subfield code="c">82433</subfield>
    <subfield code="d">82433</subfield>
  </datafield>
  <datafield tag="952" ind1=" " ind2=" ">
    <subfield code="0">0</subfield>
    <subfield code="1">0</subfield>
    <subfield code="2">lcc</subfield>
    <subfield code="4">0</subfield>
    <subfield code="7">0</subfield>
    <subfield code="8">BUS</subfield>
    <subfield code="a">KSUL</subfield>
    <subfield code="b">KSUL</subfield>
    <subfield code="d">2024-01-31</subfield>
    <subfield code="i">78797</subfield>
    <subfield code="l">0</subfield>
    <subfield code="o">HF 5635 .S78 2009 V.1</subfield>
    <subfield code="p">004692</subfield>
    <subfield code="r">2024-01-31 11:41:49</subfield>
    <subfield code="t">C.6</subfield>
    <subfield code="w">2024-01-31</subfield>
    <subfield code="y">BK</subfield>
  </datafield>
  <datafield tag="952" ind1=" " ind2=" ">
    <subfield code="0">0</subfield>
    <subfield code="1">0</subfield>
    <subfield code="2">lcc</subfield>
    <subfield code="4">0</subfield>
    <subfield code="7">0</subfield>
    <subfield code="8">BUS</subfield>
    <subfield code="a">KSUL</subfield>
    <subfield code="b">KSUL</subfield>
    <subfield code="d">2024-01-31</subfield>
    <subfield code="i">83248</subfield>
    <subfield code="l">0</subfield>
    <subfield code="o">HF 5635 .S78 2009 V.1</subfield>
    <subfield code="p">004693</subfield>
    <subfield code="r">2024-01-31 11:41:49</subfield>
    <subfield code="t">C.2</subfield>
    <subfield code="w">2024-01-31</subfield>
    <subfield code="y">BK</subfield>
  </datafield>
  <datafield tag="952" ind1=" " ind2=" ">
    <subfield code="0">0</subfield>
    <subfield code="1">0</subfield>
    <subfield code="2">lcc</subfield>
    <subfield code="4">0</subfield>
    <subfield code="7">0</subfield>
    <subfield code="8">BUS</subfield>
    <subfield code="a">KSUL</subfield>
    <subfield code="b">KSUL</subfield>
    <subfield code="d">2024-01-31</subfield>
    <subfield code="i">83249</subfield>
    <subfield code="l">0</subfield>
    <subfield code="o">HF 5635 .S78 2009 V.1</subfield>
    <subfield code="p">004694</subfield>
    <subfield code="r">2024-01-31 11:41:49</subfield>
    <subfield code="t">C.3</subfield>
    <subfield code="w">2024-01-31</subfield>
    <subfield code="y">BK</subfield>
  </datafield>
  <datafield tag="952" ind1=" " ind2=" ">
    <subfield code="0">0</subfield>
    <subfield code="1">0</subfield>
    <subfield code="2">lcc</subfield>
    <subfield code="4">0</subfield>
    <subfield code="7">0</subfield>
    <subfield code="8">BUS</subfield>
    <subfield code="a">KSUL</subfield>
    <subfield code="b">KSUL</subfield>
    <subfield code="d">2024-01-31</subfield>
    <subfield code="i">83250</subfield>
    <subfield code="l">0</subfield>
    <subfield code="o">HF 5635 .S78 2009 V.1</subfield>
    <subfield code="p">004695</subfield>
    <subfield code="r">2024-01-31 11:41:49</subfield>
    <subfield code="t">C.4</subfield>
    <subfield code="w">2024-01-31</subfield>
    <subfield code="y">BK</subfield>
  </datafield>
  <datafield tag="952" ind1=" " ind2=" ">
    <subfield code="0">0</subfield>
    <subfield code="1">0</subfield>
    <subfield code="2">lcc</subfield>
    <subfield code="4">0</subfield>
    <subfield code="7">0</subfield>
    <subfield code="8">BUS</subfield>
    <subfield code="a">KSUL</subfield>
    <subfield code="b">KSUL</subfield>
    <subfield code="d">2024-01-31</subfield>
    <subfield code="i">83247</subfield>
    <subfield code="l">0</subfield>
    <subfield code="o">HF 5635 .S78 2009 V.1</subfield>
    <subfield code="p">004691</subfield>
    <subfield code="r">2024-01-31 11:41:49</subfield>
    <subfield code="t">C.1</subfield>
    <subfield code="w">2024-01-31</subfield>
    <subfield code="y">BK</subfield>
  </datafield>
  <datafield tag="952" ind1=" " ind2=" ">
    <subfield code="0">0</subfield>
    <subfield code="1">0</subfield>
    <subfield code="2">lcc</subfield>
    <subfield code="4">0</subfield>
    <subfield code="7">0</subfield>
    <subfield code="8">BUS</subfield>
    <subfield code="a">KSUL</subfield>
    <subfield code="b">KSUL</subfield>
    <subfield code="d">2024-01-31</subfield>
    <subfield code="i">83251</subfield>
    <subfield code="l">0</subfield>
    <subfield code="o">HF 5635 .S78 2009 V.1</subfield>
    <subfield code="p">004690</subfield>
    <subfield code="r">2024-01-31 11:41:49</subfield>
    <subfield code="t">C.5</subfield>
    <subfield code="w">2024-01-31</subfield>
    <subfield code="y">BK</subfield>
  </datafield>
</record>
